<?xml version="1.0" encoding="UTF-8"?>
<record
    xmlns:xsi="http://www.w3.org/2001/XMLSchema-instance"
    xsi:schemaLocation="http://www.loc.gov/MARC21/slim http://www.loc.gov/standards/marcxml/schema/MARC21slim.xsd"
    xmlns="http://www.loc.gov/MARC21/slim">

  <leader>00655cam a22002291  4500</leader>
  <controlfield tag="001">sa 65002160 </controlfield>
  <controlfield tag="003">DLC</controlfield>
  <controlfield tag="005">20260227112114.0</controlfield>
  <controlfield tag="008">900108s1964    ii ac         000 0amaro </controlfield>
  <datafield tag="010" ind1=" " ind2=" ">
    <subfield code="a">sa 65002160 </subfield>
  </datafield>
  <datafield tag="035" ind1=" " ind2=" ">
    <subfield code="a">(OCoLC)20861726</subfield>
  </datafield>
  <datafield tag="040" ind1=" " ind2=" ">
    <subfield code="a">DLC</subfield>
    <subfield code="c">WaU</subfield>
    <subfield code="d">NRU</subfield>
    <subfield code="d">DLC</subfield>
  </datafield>
  <datafield tag="042" ind1=" " ind2=" ">
    <subfield code="a">premarc</subfield>
  </datafield>
  <datafield tag="050" ind1="0" ind2="0">
    <subfield code="a">S417.P3</subfield>
    <subfield code="b">A3</subfield>
  </datafield>
  <datafield tag="100" ind1="1" ind2=" ">
    <subfield code="a">Patil, Pandurang Chimnaji,</subfield>
    <subfield code="d">1877-</subfield>
  </datafield>
  <datafield tag="245" ind1="1" ind2="0">
    <subfield code="a">M&#x101;jhy&#x101; &#x101;&#x1E6D;hava&#x1E47;i.</subfield>
    <subfield code="c">[Lekhaka] Pan. Ci. P&#x101;&#x1E6D;&#x12B;la.</subfield>
  </datafield>
  <datafield tag="250" ind1=" " ind2=" ">
    <subfield code="a">[Pahil&#x12B; &#x101;vr&#x325;tti]</subfield>
  </datafield>
  <datafield tag="260" ind1=" " ind2=" ">
    <subfield code="a">Mumba&#x12B;,</subfield>
    <subfield code="b">Mauja Prak&#x101;&#x15B;ana Graha</subfield>
    <subfield code="c">[1964]</subfield>
  </datafield>
  <datafield tag="300" ind1=" " ind2=" ">
    <subfield code="a">20, 368 p.</subfield>
    <subfield code="b">illus., ports.</subfield>
    <subfield code="c">22 cm.</subfield>
  </datafield>
  <datafield tag="500" ind1=" " ind2=" ">
    <subfield code="a">In Marathi.</subfield>
  </datafield>
  <datafield tag="500" ind1=" " ind2=" ">
    <subfield code="a">Autobiographical.</subfield>
  </datafield>
  <datafield tag="999" ind1=" " ind2=" ">
    <subfield code="c">62484</subfield>
    <subfield code="d">62484</subfield>
  </datafield>
</record>
